<?xml version="1.0" encoding="UTF-8"?>
<marc:record xmlns:marc="http://www.loc.gov/MARC21/slim">
   <marc:leader>00000nam a2200000 a 4500</marc:leader>
   <marc:datafield ind1="1" ind2=" " tag="100">
      <marc:subfield code="a">Jonsson, Runer</marc:subfield>
      <marc:subfield code="4">aut</marc:subfield>
      <marc:subfield code="e">Verfasser/-in</marc:subfield>
   </marc:datafield>
   <marc:datafield ind1="0" ind2="0" tag="245">
      <marc:subfield code="a">Wickie auf großer Fahrt, Wicki und die Graumänner</marc:subfield>
   </marc:datafield>
   <marc:datafield ind1=" " ind2="1" tag="264">
      <marc:subfield code="b">Oetinger Media GmbH</marc:subfield>
      <marc:subfield code="c">2011</marc:subfield>
   </marc:datafield>
   <marc:datafield ind1="1" ind2=" " tag="520">
      <marc:subfield code="a">uf keinen Fall will Wickie mit seinem Vater und den anderen Wikingern auf große Fahrt gehen, denn die geraten jedes Mal in Schwierigkeiten. Und wirklich: Diesmal wird die ganze Mannschaft von den gefährlichen Rotaugen gefangen genommen. Da kann nur noch Wickie helfen! Der schlaue kleine Wikinger überlistet die Rotaugen, befreit seine Freunde und trickst sogar noch den schrecklichen Sven aus. Was für ein Glück, dass die Wikinger Wickie haben!</marc:subfield>
   </marc:datafield>
</marc:record>
